00424nam a2200109Ia 4500008004100000020001800041050002600059245011700085260004300202300004900245650002000294140910s9999 xx 000 0 und d a9780824550059 aBX 1378.7b.C156 2013 2aA call to serve :bPope Francis and the catholic church future /cedited by Stefan von Kempis, Philip F. Lawler. aMacao :bClaretian Publication,cc2013 a158 pages :bcolored, illustration ;c26 cm. aSpiritual life.